MARC details
| 000 -LEADER |
| fixed length control field |
01435cam a2200397 i 4500 |
| 001 - CONTROL NUMBER |
| control field |
200429783 |
| 003 - CONTROL NUMBER IDENTIFIER |
| control field |
TR-AnTOB |
| 005 - DATE AND TIME OF LATEST TRANSACTION |
| control field |
20250616162908.0 |
| 007 - PHYSICAL DESCRIPTION FIXED FIELD--GENERAL INFORMATION |
| fixed length control field |
ta |
| 008 - FIXED-LENGTH DATA ELEMENTS--GENERAL INFORMATION |
| fixed length control field |
130402s2012 tu b 001 0 tur |
| 010 ## - LIBRARY OF CONGRESS CONTROL NUMBER |
| LC control number |
2012342779 |
| 020 ## - INTERNATIONAL STANDARD BOOK NUMBER |
| International Standard Book Number |
9789752676329 |
| 040 ## - CATALOGING SOURCE |
| Original cataloging agency |
DLC |
| Language of cataloging |
eng |
| Description conventions |
rda |
| Transcribing agency |
DLC |
| Modifying agency |
DLC |
| -- |
TR-AnTOB |
| 041 ## - LANGUAGE CODE |
| Language code of text/sound track or separate title |
Türkçe |
| 050 00 - LIBRARY OF CONGRESS CALL NUMBER |
| Classification number |
PL206 |
| Item number |
.K87 2012 |
| 090 ## - LOCALLY ASSIGNED LC-TYPE CALL NUMBER (OCLC); LOCAL CALL NUMBER (RLIN) |
| Classification number (OCLC) (R) ; Classification number, CALL (RLIN) (NR) |
PL206 |
| Local cutter number (OCLC) ; Book number/undivided call number, CALL (RLIN) |
.K87 2012 |
| 100 1# - MAIN ENTRY--PERSONAL NAME |
| Personal name |
Kurt, Mustafa, |
| Dates associated with a name |
1977- |
| 9 (RLIN) |
42271 |
| 245 10 - TITLE STATEMENT |
| Title |
Mürekkebin izinde : |
| Remainder of title |
edebiyat yazıları / |
| Statement of responsibility, etc. |
Mustafa Kurt. |
| 246 14 - VARYING FORM OF TITLE |
| Title proper/short title |
Mürekkebin izinde : |
| Remainder of title |
edebiyat üzerine yazıları |
| 264 #1 - PRODUCTION, PUBLICATION, DISTRIBUTION, MANUFACTURE, AND COPYRIGHT NOTICE |
| Place of production, publication, distribution, manufacture |
Ankara : |
| Name of producer, publisher, distributor, manufacturer |
Kurgan Edebiyat, |
| Date of production, publication, distribution, manufacture, or copyright notice |
2012. |
| 300 ## - PHYSICAL DESCRIPTION |
| Extent |
vi, 293 pages ; |
| Dimensions |
21 cm. |
| 336 ## - CONTENT TYPE |
| Content type term |
text |
| Source |
rdacontent |
| 337 ## - MEDIA TYPE |
| Media type term |
unmediated |
| Source |
rdamedia |
| 338 ## - CARRIER TYPE |
| Carrier type term |
volume |
| Source |
rdacarrier |
| 490 0# - SERIES STATEMENT |
| Series statement |
Kurgan Edebiyat Yazıları : |
| Volume/sequential designation |
53 |
| Series statement |
Edebiyat, dil, araştırma ve inceleme dizisi ; |
| Volume/sequential designation |
21 |
| 500 ## - GENERAL NOTE |
| General note |
"53"--Title page verso. |
| 504 ## - BIBLIOGRAPHY, ETC. NOTE |
| Bibliography, etc. note |
|
| 590 ## - LOCAL NOTE (RLIN) |
| Local note |
Donated by Tuba Işınsu İsen Durmuş |
| 650 #0 - SUBJECT ADDED ENTRY--TOPICAL TERM |
| Topical term or geographic name entry element |
Türk şiiri |
| General subdivision |
Tarih ve eleştiri |
| 9 (RLIN) |
75586 |
|
| Topical term or geographic name entry element |
Turkish literature |
| General subdivision |
History and criticism |
| 9 (RLIN) |
39850 |
|
| Topical term or geographic name entry element |
Turkish literature |
| General subdivision |
History and criticism |
| 9 (RLIN) |
39850 |
| 650 #0 - SUBJECT ADDED ENTRY--TOPICAL TERM |
| Topical term or geographic name entry element |
Turkish poetry |
| General subdivision |
History and criticism |
| 9 (RLIN) |
16952 |
| 856 41 - ELECTRONIC LOCATION AND ACCESS |
| Materials specified |
Table of contents only |
| Uniform Resource Identifier |
<a href="http://www.loc.gov/catdir/toc/fy15pdf02/2012342779.html">http://www.loc.gov/catdir/toc/fy15pdf02/2012342779.html</a> |
| 942 ## - ADDED ENTRY ELEMENTS (KOHA) |
| Source of classification or shelving scheme |
Library of Congress Classification |
| Koha item type |
Book |